Statistics for Musical "Big Fours"

Click here to take the quiz!

General Stats

  • This quiz has been taken 23 times
  • The average score is 9 of 20

Answer Stats

GenreBand% Correct
British InvasionThe Beatles
100%
British InvasionThe Rolling Stones
91%
GrungeNirvana
86%
BritpopOasis
68%
GrungeSoundgarden
68%
Thrash MetalMetallica
64%
GrungePearl Jam
59%
British InvasionThe Who
59%
Progressive RockPink Floyd
45%
GrungeAlice in Chains
36%
BritpopBlur
36%
Progressive RockGenesis
36%
Progressive RockYes
36%
Progressive RockKing Crimson
27%
British InvasionThe Kinks
27%
Thrash MetalMegadeth
23%
Thrash MetalAnthrax
18%
BritpopPulp
18%
Thrash MetalSlayer
18%
BritpopSuede
9%

Score Distribution

Percentile by Number Answered

Percent of People with Each Score

Your Score History

You have not taken this quiz